000 00872nam a22003257a 4500
001 BR2010005318
003 BR-BrBNA
005 20230928103427.0
007 ta
008 230509b bl.||||| |||| 00| 0 por d
040 _aBR-BrBNA
_bpor
_cBiblioteca Nacional de Agricultura
041 _a(Por)
072 _aE16; E70; E71
_b0336
090 _ 0336 BR2010005318
100 1 _aMueller, C.C.
100 1 _aNogueira, J.M.
100 1 _aBustamante, M.M.
100 1 _aLopes, M. de R.
245 1 _aAvaliação de sustentabilidade do setor de soja no Brasil
260 3 _aBrasília, DF (Brasil):
_c[nd].
300 _a110 p.
650 _aSOJA
650 _aESTATÍSTICA DE PRODUÇÃO
650 _aEXPORTAÇÃO
650 _aIMPORTAÇÃO
650 _aCONSUMO
650 _aPOLÍTICAS PÚBLICAS
909 _a202309
_bLucia
_c55
_dLucia Elande
942 _cBK
999 _c75067
_d75067